000 01746cam a2200157 4500500
005 20251214005204.0
041 _afre
042 _adc
100 1 0 _aDuru-Bellat, Marie
_eauthor
700 1 0 _aFarges, Géraldine
_eauthor
700 1 0 _avan Zanten, Agnès
_eauthor
245 0 0 _aSociologie de l'école
260 _bArmand Colin,
_c2022.
520 _aCette 6e édition, totalement réactualisée, d’un manuel devenu « la » référence sur le monde de l’école, des élèves et des enseignants, explore le domaine de manière systématique et objective, et sous des aspects divers : place de l’école dans la société (politiques scolaires, inégalités de carrière, enjeux de la réussite scolaire, évolution des analyses théoriques), mais aussi acteurs et pratiques (profession enseignante, programmes, pratiques éducatives des familles, métiers d’élève). L’ouvrage propose ainsi de nombreux éléments sur les effets des politiques éducatives, la construction et les effets de ségrégation scolaire, ou encore les changements introduits par le renouvellement des enseignants et des élèves eux-mêmes. Les auteurs rendent compte de la profusion et de la diversité des recherches conduites ces dernières années dans ce champ qui demeure l’un des plus riches de la sociologie, en prise directe avec l’actualité et les préoccupations des familles, des enseignants et des élèves. Ce manuel exhaustif intéressera les étudiants en sciences sociales, en sciences de l’éducation, les enseignants, les responsables des politiques éducatives et des associations de parents d’élèves.
856 4 1 _uhttps://shs.cairn.info/sociologie-de-l-ecole--9782200630577?lang=fr&redirect-ssocas=7080
999 _c1568701
_d1568701